Fusion reactor design concepts : proceedings of a Technical Committee Meeting and Workshop on Fusion Reactor Design /

Bibliographic Details
Corporate Authors: Technical Committee Meeting and Workshop on Fusion Reactor Design Madison, Wis., International Atomic Energy Agency
Format: Conference Proceeding Book
Language:English
Published: Vienna : International Atomic Energy Agency, 1978.
Series:Panel proceedings series.
Subjects:

MARC

Tag First Indicator Second Indicator Subfields
LEADER 00000cam a2200000 i 4500
001 in00000044828
005 20151007075149.0
008 790716s1978 au a b i10010 eng
010 |a  79310056  
015 |a Au*** 
020 |a 9201311788 
035 |a (OCoLC)05265515 
035 |9 AAF2749AM 
040 |a DLC  |c DLC  |d TXA  |d UtOrBLW 
049 |a TXAM  |c [1192121] 
050 0 0 |a TK9204  |b .T4 1977 
082 0 |a 621.48/4 
111 2 |a Technical Committee Meeting and Workshop on Fusion Reactor Design  |d (1977 :  |c Madison, Wis.) 
245 1 0 |a Fusion reactor design concepts :  |b proceedings of a Technical Committee Meeting and Workshop on Fusion Reactor Design /  |c organized by the International Atomic Energy Agency and held in Madison, Wis., USA, 10-21 Oct. 1977. 
264 1 |a Vienna :  |b International Atomic Energy Agency,  |c 1978. 
300 |a 781 pages :  |b illustrations ;  |c 24 cm. 
336 |a text  |b txt  |2 rdacontent 
337 |a unmediated  |b n  |2 rdamedia 
338 |a volume  |b nc  |2 rdacarrier 
490 1 |a Panel proceedings series 
504 |a Includes bibliographical references. 
650 0 |a Fusion reactors  |x Design and construction  |x Congresses. 
710 2 |a International Atomic Energy Agency. 
830 0 |a Panel proceedings series. 
999 |a MARS 
999 f f |s 58d5fe89-4aac-3f44-b0e3-9f14dd1f9dfb  |i 29f897e3-41d1-37bd-9eee-59606df83d19  |t 0 
952 f f |p ric  |a Texas A&M University  |b Rellis Campus  |c Joint Library Facility  |d Remote Storage  |t 0  |e TK9204 .T4 1977  |h Library of Congress classification  |i unmediated -- volume  |m A14805517936 
998 f f |a TK9204 .T4 1977  |t 0  |l Remote Storage